Phytoplankton ecology: structure, function and fluctuation
محفوظ في:
| المؤلف الرئيسي: | |
|---|---|
| التنسيق: | كتاب |
| اللغة: | الإنجليزية |
| منشور في: |
London, United Kingdom
Chapman and Hall
1986
|
| الموضوعات: | |
| الوسوم: |
إضافة وسم
لا توجد وسوم, كن أول من يضع وسما على هذه التسجيلة!
|
MARC
| LEADER | 00000nam a2200000 a 4500 | ||
|---|---|---|---|
| 001 | UCW0393 | ||
| 003 | CL-VaPUC | ||
| 005 | 20210313001907.0 | ||
| 008 | 890112e19860000UK |||||||||||||||||eng|d | ||
| 999 | |c 215575 |d 215573 | ||
| 040 | |c Pontificia Universidad Católica de Valparaíso | ||
| 082 | 0 | 4 | |a 589.4 HAR 1986 |2 21 |
| 100 | 0 | |a Harris, Graham P |9 304315 | |
| 245 | 1 | 0 | |a Phytoplankton ecology: structure, function and fluctuation |
| 260 | |a London, United Kingdom |b Chapman and Hall |c 1986 | ||
| 300 | |a 384 páginas | ||
| 583 | |a last modification |c 19890112 00:00:00 |k Rodrigo Vera | ||
| 650 | 7 | |a FITOPLANCTON |2 CL-VaPUC |9 269539 | |
| 650 | 0 | |a Ecología |9 258124 | |
| 942 | |c BK |2 ddc | ||
| 945 | |d 19890112 00:00:00 | ||
| 952 | |0 0 |1 0 |2 ddc |4 0 |6 589_400000000000000_HAR_1986 |7 0 |8 A |9 199955 |a BIBCUR |b BIBCUR |d 2019-11-14 |i 2672502 |o 589.4 HAR 1986 |p 2672502 |r 2025-04-22 |t 1 |w 2019-11-14 |y BK |k BIO | ||